Văn hóa Nam Chiếu Đại Lý

שמור ב:
מידע ביבליוגרפי
מחבר ראשי: Chiêm, Toàn Hữu
פורמט: ספר
שפה:Undetermined
יצא לאור: Hà Nội Văn Hóa Thông Tin 2004
תגים: הוספת תג
אין תגיות, היה/י הראשונ/ה לתייג את הרשומה!
Thư viện lưu trữ: Trung tâm Học liệu Trường Đại học Cần Thơ
LEADER 00579nam a2200181Ia 4500
001 CTU_74049
008 210402s9999 xx 000 0 und d
020 |b 45000 
082 |a 951 
082 |b H566 
100 |a Chiêm, Toàn Hữu 
245 0 |a Văn hóa Nam Chiếu Đại Lý 
245 0 |c Chiêm Toàn Hữu; Lý Tinh Ích hiệu đính; Nguyễn Thị Thanh Huệ.... biên dịch 
260 |a Hà Nội 
260 |b Văn Hóa Thông Tin 
260 |c 2004 
904 |i Nguyên 
980 |a Trung tâm Học liệu Trường Đại học Cần Thơ